[Event "Roskilde 100 aars Jubilaeum 2008"]
[Site "Roskilde"]
[Date "2008.10.13"]
[Round "4"]
[White "Hestehauge, Klaus"]
[Black "Hein, Jacob"]
[Result "1-0"]
[WhiteElo "1889"]
[BlackElo "1456"]
[PlyCount "63"]
[EventDate "2008.??.??"]


1. d4 e6 2. Nf3 b6 3. Bf4 Nf6 4. e3 Bb7 5. Be2 Be7 6. h3 O-O 7. O-O d6 8. Nbd2
Nh5 9. Bh2 f5 10. c3 Nf6 11. Qb3 Qd7 12. Rfd1 Nc6 13. Rac1 Na5 14. Qc2 Ne4 15.
b4 Qc6 16. bxa5 Ng5 17. a6 Nxh3+ 18. gxh3 Bc8 19. Qb3 Rf6 20. Bb5 Rg6+ 21. Kh1
Qd5 22. Qxd5 exd5 23. Bc6 Rb8 24. Bxd5+ Be6 25. Bxe6+ Rxe6 26. d5 Rh6 27. Kg2
b5 28. Nd4 Rg6+ 29. Bg3 b4 30. cxb4 Rc8 31. Nb5 Bd8 32. Nxd6 1-0

[Event "Roskilde 100 aars Jubilaeum 2008"]
[Site "Roskilde"]
[Date "2008.10.13"]
[Round "4"]
[White "Brekka, Hanus"]
[Black "Nielsen, Kurt Sogaard"]
[Result "1-0"]
[WhiteElo "2019"]
[BlackElo "1612"]
[PlyCount "53"]
[EventDate "2008.??.??"]


1. e4 c5 2. Nf3 e6 3. Nc3 Nc6 4. d4 cxd4 5. Nxd4 a6 6. Be3 d6 7. Be2 Be7 8. a4
Nf6 9. O-O O-O 10. f4 Qc7 11. Kh1 Nxd4 12. Bxd4 e5 13. Be3 b6 14. Qe1 Bb7 15.
Bf3 Rfd8 16. Rd1 Bc6 17. Qg3 b5 18. a5 b4 19. Bb6 Qb7 20. Bxd8 Rxd8 21. fxe5
bxc3 22. exf6 Bxf6 23. e5 Bxe5 24. Qxe5 Bxf3 25. Rxf3 cxb2 26. Qe1 h6 27. Rb3
1-0

[Event "Roskilde 100 aars Jubilaeum 2008"]
[Site "Roskilde"]
[Date "2008.10.13"]
[Round "4"]
[White "Christensen, Svend Ellegaard"]
[Black "Jorgensen, Brian Jorgen"]
[Result "1/2-1/2"]
[WhiteElo "2172"]
[BlackElo "2210"]
[PlyCount "25"]
[EventDate "2008.??.??"]


1. d4 d5 2. Nf3 Nc6 3. Bf4 Bg4 4. e3 e6 5. Nbd2 Bd6 6. Bxd6 Qxd6 7. Be2 Nf6 8.
c3 O-O 9. O-O a6 10. a4 Rab8 11. Ne1 Bxe2 12. Qxe2 e5 13. dxe5 1/2-1/2

[Event "Roskilde 100 aars Jubilaeum 2008"]
[Site "Roskilde"]
[Date "2008.10.13"]
[Round "4"]
[White "Zachariassen, John"]
[Black "Jensen, Soren2"]
[Result "0-1"]
[WhiteElo "1895"]
[BlackElo "1603"]
[PlyCount "62"]
[EventDate "2008.??.??"]


1. b3 d5 2. Bb2 Nf6 3. Nf3 e6 4. e3 Be7 5. Be2 O-O 6. Nc3 b6 7. d3 Bb7 8. Qd2
c5 9. h3 Nc6 10. Rg1 e5 11. g4 d4 12. Nd1 Qc7 13. e4 b5 14. g5 Nd7 15. Bc1 c4
16. dxc4 bxc4 17. bxc4 Bb4 18. c3 dxc3 19. Qc2 Nd4 20. Nxd4 exd4 21. Rg3 Rfe8
22. Kf1 Bxe4 23. Bd3 Qxc4 24. Nb2 Bxd3+ 25. Nxd3 Ne5 26. Kg1 Nxd3 27. Qxd3 Re1+
28. Kg2 Qxd3 29. Rxd3 Ba3 30. Bb2 Rxa1 31. Bxa1 Bc5 0-1

[Event "Roskilde 100 aars Jubilaeum 2008"]
[Site "Roskilde"]
[Date "2008.10.13"]
[Round "4"]
[White "Bromann, Thorbjrn"]
[Black "Schandorff, Lars"]
[Result "1/2-1/2"]
[WhiteElo "2416"]
[BlackElo "2520"]
[PlyCount "30"]
[EventDate "2008.??.??"]


1. d4 d5 2. Nc3 Nf6 3. Bg5 Nbd7 4. Qd3 h6 5. Bh4 e6 6. e4 dxe4 7. Nxe4 Be7 8.
Nxf6+ Bxf6 9. Bxf6 Nxf6 10. Nf3 Qd5 11. Qb5+ Qxb5 12. Bxb5+ Bd7 13. Bxd7+ Nxd7
14. O-O-O O-O-O 15. Rhe1 Rhe8 1/2-1/2

[Event "Roskilde 100 aars Jubilaeum 2008"]
[Site "Roskilde"]
[Date "2008.10.13"]
[Round "4"]
[White "Zmylon, Frederik Nielsen"]
[Black "Christensen, Christoffer Ellegaa"]
[Result "0-1"]
[WhiteElo "1367"]
[BlackElo "1759"]
[PlyCount "48"]
[EventDate "2008.??.??"]


1. e4 e6 2. d4 d5 3. e5 c5 4. f4 Nc6 5. Nf3 Qb6 6. c3 Bd7 7. Be2 cxd4 8. cxd4
Nge7 9. Na3 Nf5 10. Nc2 Bb4+ 11. Kf2 Rc8 12. a3 Be7 13. Rf1 f6 14. Kg1 Nfxd4
15. Nfxd4 Bc5 16. Kh1 Nxd4 17. Nxd4 Bxd4 18. Rb1 O-O 19. Rf3 fxe5 20. Rb3 Qc5
21. fxe5 Ba4 22. Rc3 Bxd1 23. Rxc5 Rxc5 24. Bd2 Bxe2 0-1

[Event "Roskilde 100 aars Jubilaeum 2008"]
[Site "Roskilde"]
[Date "2008.10.13"]
[Round "4"]
[White "Marshall, Michael"]
[Black "Hansen, Lars Henrik Bech"]
[Result "1/2-1/2"]
[WhiteElo "1765"]
[BlackElo "1988"]
[PlyCount "26"]
[EventDate "2008.??.??"]


1. d4 g6 2. Nf3 Nf6 3. Nc3 Bg7 4. e4 d6 5. Be3 c6 6. Qd2 b5 7. Bd3 Nbd7 8. O-O
Nb6 9. Bh6 O-O 10. Bxg7 Kxg7 11. a4 bxa4 12. Nxa4 Bg4 13. Qe3 Qc7 1/2-1/2

[Event "Roskilde 100 aars Jubilaeum 2008"]
[Site "Roskilde"]
[Date "2008.10.13"]
[Round "4"]
[White "Lauridsen, Jesper Morch"]
[Black "Larsen, Arne Walther"]
[Result "1-0"]
[WhiteElo "2279"]
[BlackElo "1703"]
[PlyCount "35"]
[EventDate "2008.??.??"]


1. e4 g6 2. d4 Bg7 3. Nc3 d6 4. Be3 Nc6 5. Bb5 Bd7 6. Nf3 a6 7. Ba4 Nf6 8. d5
Ne5 9. Nxe5 dxe5 10. Bxd7+ Qxd7 11. f3 O-O 12. Qd2 e6 13. dxe6 Qxe6 14. Rd1
Rfd8 15. Qxd8+ Rxd8 16. Rxd8+ Ne8 17. Nd5 Bf8 18. Rxe8 1-0

[Event "Roskilde 100 aars Jubilaeum 2008"]
[Site "Roskilde"]
[Date "2008.10.13"]
[Round "4"]
[White "Wadtland, Flemming"]
[Black "Meldal, Peter"]
[Result "1-0"]
[WhiteElo "1137"]
[BlackElo "1236"]
[PlyCount "35"]
[EventDate "2008.??.??"]


1. d4 d5 2. Nf3 Nf6 3. c4 c6 4. Nc3 dxc4 5. e3 b5 6. b3 Nd5 7. Bb2 Bf5 8. bxc4
Qa5 9. cxd5 b4 10. Qa4 Qb6 11. Nb1 e6 12. dxc6 Nxc6 13. Ne5 Bxb1 14. Rxb1 Rc8
15. Bb5 Bd6 16. Bxc6+ Ke7 17. Bb5 Bxe5 18. dxe5 1-0

[Event "Roskilde 100 aars Jubilaeum 2008"]
[Site "Roskilde"]
[Date "2008.10.13"]
[Round "4"]
[White "Andersen, Daniel"]
[Black "Madsen, Poul Henrik"]
[Result "1-0"]
[WhiteElo "1806"]
[BlackElo "2039"]
[PlyCount "77"]
[EventDate "2008.??.??"]


1. c4 Nf6 2. Nc3 g6 3. e4 d6 4. d4 Bg7 5. f3 O-O 6. Be3 c5 7. dxc5 dxc5 8. Qxd8
Rxd8 9. Bxc5 Nc6 10. Nd5 Be6 11. Ne2 Nd7 12. Ba3 a5 13. Nec3 Bxd5 14. cxd5 Nb4
15. Rc1 Bh6 16. Rb1 Nc2+ 17. Kf2 Nxa3 18. bxa3 Rac8 19. Nb5 Rc2+ 20. Be2 Rxa2
21. Rhd1 Rc8 22. g3 Bg7 23. Rbc1 Rcc2 24. Rxc2 Rxc2 25. d6 e5 26. Rd3 Bf8 27.
f4 Rb2 28. Rc3 Nf6 29. Ke3 h5 30. h3 Bh6 31. Rc8+ Kg7 32. Rc7 exf4+ 33. gxf4
Bxf4+ 34. Kxf4 Rxe2 35. e5 Nd5+ 36. Kf3 Rd2 37. Rxb7 g5 38. e6 Kf6 39. e7 1-0

[Event "Roskilde 100 aars Jubilaeum 2008"]
[Site "Roskilde"]
[Date "2008.10.13"]
[Round "4"]
[White "Larsen, Finn (1950)"]
[Black "Jensen, Jan Kargaard"]
[Result "1/2-1/2"]
[WhiteElo "1757"]
[BlackElo "1624"]
[PlyCount "49"]
[EventDate "2008.??.??"]


1. e4 c5 2. c3 d5 3. exd5 Qxd5 4. d4 cxd4 5. cxd4 Nc6 6. Nf3 Bg4 7. Be2 e6 8.
O-O Nf6 9. Nc3 Qd7 10. Be3 Be7 11. a3 O-O 12. Qd2 Rfd8 13. Rfd1 Rac8 14. Ne5
Nxe5 15. dxe5 Qxd2 16. Rxd2 Bxe2 17. Rxd8+ Bxd8 18. exf6 Ba6 19. fxg7 Bf6 20.
Rc1 Kxg7 21. Bxa7 Rc6 22. Be3 Bxc3 23. Rxc3 Rxc3 24. Bd4+ Kg6 25. Bxc3 1/2-1/2

[Event "Roskilde 100 aars Jubilaeum 2008"]
[Site "Roskilde"]
[Date "2008.10.13"]
[Round "4"]
[White "Jorgensen, Orla Eilegaard"]
[Black "Christensen, Simon Ellegaard"]
[Result "0-1"]
[WhiteElo "1327"]
[BlackElo "1720"]
[PlyCount "58"]
[EventDate "2008.??.??"]


1. e4 e6 2. d4 d5 3. exd5 exd5 4. Nf3 Nf6 5. c4 c6 6. cxd5 cxd5 7. Nc3 Be7 8.
Be2 O-O 9. O-O Bg4 10. Re1 h6 11. h3 Bh5 12. Bf4 Nc6 13. a3 Re8 14. Rc1 Bxf3
15. Bxf3 Qb6 16. Bxd5 Qxb2 17. Re2 Qb6 18. Bxc6 bxc6 19. Rb1 Qa5 20. Na4 Bxa3
21. Bd2 Qd5 22. Rxe8+ Rxe8 23. Rb3 Bf8 24. Be3 Qa5 25. Rb7 Nd5 26. Bd2 Qa6 27.
Qb3 Be7 28. f4 Nb6 29. Nxb6 Qxb7 0-1

[Event "Roskilde 100 aars Jubilaeum 2008"]
[Site "Roskilde"]
[Date "2008.10.13"]
[Round "4"]
[White "Pedersen, Nicolai Vesterbaek"]
[Black "Hoi, Carsten"]
[Result "1-0"]
[WhiteElo "2431"]
[BlackElo "2382"]
[PlyCount "67"]
[EventDate "2008.??.??"]


1. e4 c6 2. d4 g6 3. Nc3 Bg7 4. Nf3 d5 5. h3 dxe4 6. Nxe4 Nd7 7. Bc4 Ngf6 8.
Nxf6+ Nxf6 9. O-O O-O 10. Re1 Bf5 11. Qe2 Be4 12. Bb3 Bxf3 13. Qxf3 Qd7 14. c3
e6 15. Bg5 Nd5 16. h4 b5 17. Rad1 Rae8 18. Re2 a6 19. a3 Qc8 20. Rde1 Qd7 21.
Bc1 f5 22. h5 Qf7 23. hxg6 Qxg6 24. Bf4 Kf7 25. Bd6 Rg8 26. Qh3 h5 27. Bd1 h4
28. Bh2 Bh6 29. Rc2 Bf4 30. Bf3 Qg5 31. Kh1 Bxh2 32. Qxh2 f4 33. Re5 Qg6 34.
Bh5 1-0

[Event "Roskilde 100 aars Jubilaeum 2008"]
[Site "Roskilde"]
[Date "2008.10.13"]
[Round "4"]
[White "Rasmussen, Henning"]
[Black "Jorgensen, Morten"]
[Result "1-0"]
[WhiteElo "1918"]
[BlackElo "1491"]
[PlyCount "85"]
[EventDate "2008.??.??"]


1. Nf3 d5 2. c4 e6 3. d4 Nf6 4. Nc3 Be7 5. Bg5 O-O 6. e3 Nbd7 7. cxd5 exd5 8.
Bd3 c6 9. O-O Re8 10. Qc2 h6 11. Bh4 Ne4 12. Bg3 Nxg3 13. fxg3 Bg5 14. e4 dxe4
15. Nxe4 Be3+ 16. Kh1 Nb6 17. Rae1 f5 18. Rxe3 fxe4 19. Rxe4 Rxe4 20. Bxe4 Nd5
21. Qb3 b5 22. Bxd5+ Qxd5 23. Qxd5+ cxd5 24. Rc1 a6 25. Rc5 Be6 26. Kg1 Rc8 27.
Rxc8+ Bxc8 28. Ne5 Kf8 29. b4 Ke7 30. Kf2 Bf5 31. g4 Bc8 32. g5 h5 33. Ng6+ Ke6
34. Ke3 Kf7 35. Nf4 Be6 36. Nxh5 Bf5 37. Nf4 Be4 38. h4 g6 39. g4 Ke7 40. h5
Kf7 41. Nxg6 Bxg6 42. hxg6+ Kxg6 43. Kf4 1-0

[Event "Roskilde 100 aars Jubilaeum 2008"]
[Site "Roskilde"]
[Date "2008.10.13"]
[Round "4"]
[White "Petrovski, Petruli"]
[Black "Kristensen, Steffen Michael"]
[Result "1-0"]
[WhiteElo "1645"]
[BlackElo "1195"]
[PlyCount "23"]
[EventDate "2008.??.??"]


1. e4 e5 2. Nf3 Nc6 3. Bb5 a6 4. Bc4 Bc5 5. O-O Nge7 6. Nxe5 O-O 7. Nxc6 bxc6
8. c3 Bd6 9. d4 Ng6 10. e5 Be7 11. f4 Nh4 12. Nd2 1-0

[Event "Roskilde 100 aars Jubilaeum 2008"]
[Site "Roskilde"]
[Date "2008.10.13"]
[Round "4"]
[White "Seirup, Simon"]
[Black "Jorgensen, Alexander Torp"]
[Result "1-0"]
[WhiteElo "1226"]
[BlackElo "1002"]
[PlyCount "113"]
[EventDate "2008.??.??"]


1. e4 e5 2. f4 exf4 3. Nf3 Nc6 4. d4 d5 5. e5 Bf5 6. c3 g5 7. h4 Bh6 8. hxg5
Bxg5 9. Bd3 Be4 10. Bxe4 dxe4 11. Nxg5 Qxg5 12. Qe2 e3 13. Qf3 Nge7 14. g3
Qxg3+ 15. Qxg3 fxg3 16. Rg1 Nf5 17. Ke2 Rg8 18. Bxe3 O-O-O 19. Nd2 Rg4 20. Raf1
Nce7 21. Kd3 h5 22. Ne4 Nxe3 23. Kxe3 h4 24. Rxf7 Nd5+ 25. Kf3 Rdg8 26. c4 h3
27. Rxg3 Rxg3+ 28. Nxg3 h2 29. Rh7 Nb6 30. b3 Rf8+ 31. Ke3 Rg8 32. Nf1 Rg1 33.
Nxh2 Re1+ 34. Kf4 Re2 35. Kf5 Rxa2 36. Ke6 Kb8 37. Rh8+ Nc8 38. Kd7 a6 39.
Rxc8+ Ka7 40. e6 Rxh2 41. e7 Rh7 42. Kd8 Rh8+ 43. e8=Q Rxe8+ 44. Kxe8 c6 45. d5
cxd5 46. cxd5 b5 47. Kd7 Kb6 48. d6 Ka5 49. Ke7 Kb4 50. d7 Kxb3 51. d8=Q Ka4
52. Ra8 b4 53. Rxa6+ Kb3 54. Qd3+ Kb2 55. Rb6 Ka1 56. Qc2 b3 57. Ra6# 1-0

[Event "Roskilde 100 aars Jubilaeum 2008"]
[Site "Roskilde"]
[Date "2008.10.13"]
[Round "4"]
[White "Lavrsen, Frands Winther"]
[Black "Christensen, Casper"]
[Result "0-1"]
[WhiteElo "1762"]
[BlackElo "1678"]
[PlyCount "103"]
[EventDate "2008.??.??"]


1. f4 Nf6 2. Nf3 c5 3. e3 d5 4. b3 g6 5. Bb2 Bg7 6. Be2 O-O 7. O-O Nc6 8. Qe1
d4 9. Bb5 Nb4 10. Na3 a6 11. Be2 Ne4 12. exd4 cxd4 13. Bc4 Nd6 14. d3 Nxc4 15.
bxc4 Qb6 16. Rb1 Qd6 17. Ng5 f5 18. c5 Qxc5 19. Ne6 Bxe6 20. Qxe6+ Kh8 21. Rfe1
Bf6 22. Nc4 Nd5 23. Ba3 Qc6 24. Qxc6 bxc6 25. Nb6 Rab8 26. Nxd5 cxd5 27. Rb3
Rfe8 28. Re6 a5 29. Reb6 Ra8 30. Re6 Ra7 31. Kf2 Rc8 32. Re2 Rac7 33. Rb5 Rxc2
34. Rxa5 Rxe2+ 35. Kxe2 Rc2+ 36. Kf3 Rxa2 37. Bb4 Rxa5 38. Bxa5 e5 39. Bb6 e4+
40. Ke2 Kg7 41. g3 Kf7 42. h3 h5 43. Bc7 Ke6 44. h4 Kd7 45. Bb6 Kc6 46. Ba7 Kb5
47. Kd1 Kb4 48. Bb6 Bg7 49. Kc2 e3 50. Kd1 Bf8 51. Ke2 Bc5 52. Bd8 0-1

[Event "Roskilde 100 aars Jubilaeum 2008"]
[Site "Roskilde"]
[Date "2008.10.13"]
[Round "4"]
[White "Sorensen, Dick"]
[Black "Eriksson, Christian Altenburg"]
[Result "0-1"]
[WhiteElo "1851"]
[BlackElo "1997"]
[PlyCount "126"]
[EventDate "2008.??.??"]


1. e4 c5 2. Nf3 Nc6 3. d4 cxd4 4. Nxd4 g6 5. Nc3 Bg7 6. Be3 Nf6 7. Be2 O-O 8.
O-O d6 9. Nb3 Bd7 10. Qd2 a5 11. Bh6 Bxh6 12. Qxh6 a4 13. Nd2 Nd4 14. Bd3 Ra5
15. Qe3 Ne6 16. Nc4 Rc5 17. Qd2 Bc6 18. b4 axb3 19. axb3 d5 20. exd5 Bxd5 21.
Nxd5 Rxd5 22. Qb4 Qc7 23. Ne3 Rh5 24. g3 Rd8 25. Ra7 Nc5 26. Be2 Rh6 27. Bf3
Rb8 28. Rfa1 Qc8 29. Nf1 Qf5 30. Qf4 Qxf4 31. gxf4 Rh4 32. Ra8 Rxa8 33. Rxa8+
Kg7 34. Rc8 b6 35. b4 Ncd7 36. c4 Rxf4 37. Bb7 Ne4 38. Ne3 Nd6 39. Rc7 Ne5 40.
Ba6 e6 41. c5 bxc5 42. bxc5 Ra4 43. cxd6 Rxa6 44. f4 Nf3+ 45. Kf2 Nd2 46. d7
Rd6 47. Ke2 h5 48. Rc2 Ne4 49. Kf3 Nf6 50. Nc4 Rxd7 51. Ne5 Rb7 52. Rc3 Nd5 53.
Ra3 Kf6 54. Nd3 Rc7 55. Ke2 Rc2+ 56. Ke1 Rxh2 57. Ra7 h4 58. Ne5 Kf5 59. Rxf7+
Ke4 60. Ng4 Ra2 61. Nf2+ Kf3 62. Rh7 Nxf4 63. Rf7 g5 0-1

[Event "Roskilde 100 aars Jubilaeum 2008"]
[Site "Roskilde"]
[Date "2008.10.13"]
[Round "4"]
[White "Sorensen, Lindved"]
[Black "Schmidt, Horst Hubert"]
[Result "1-0"]
[WhiteElo "1592"]
[BlackElo "1778"]
[PlyCount "133"]
[EventDate "2008.??.??"]


1. Nf3 d6 2. c4 e5 3. d3 g6 4. b3 Bg7 5. Bb2 Nc6 6. g3 Be6 7. Bg2 Qd7 8. O-O
Nge7 9. Ng5 O-O 10. Nxe6 Qxe6 11. Nc3 a6 12. Nd5 Rac8 13. f4 Qd7 14. fxe5 dxe5
15. Nf6+ Bxf6 16. Rxf6 Rfe8 17. Qf1 Nf5 18. Bd5 Nd8 19. Qf3 Qe7 20. Rxf5 gxf5
21. Qxf5 Nc6 22. Rf1 Kh8 23. Rf4 f6 24. Bxc6 bxc6 25. Qxf6+ Qxf6 26. Rxf6 Kg8
27. Rxc6 a5 28. Rc5 e4 29. d4 a4 30. d5 axb3 31. axb3 Rb8 32. Rxc7 Rxb3 33.
Rg7+ Kf8 34. Bd4 Rc8 35. c5 Rxc5 36. Rxh7 Rxd5 37. e3 Rf5 38. Kg2 Rd3 39. Rh4
Rd2+ 40. Kh3 Rff2 41. Rxe4 Rxh2+ 42. Kg4 Rd1 43. Be5 Kf7 44. Kg5 Rd5 45. Kf5
Rh5+ 46. Kf4 Kg6 47. Bd4 Rdf5+ 48. Kg4 Rhg5+ 49. Kh3 Rf1 50. Re6+ Kf7 51. Re4
Rg1 52. Be5 Kg6 53. Bf4 Rh5+ 54. Kg4 Rb5 55. Re6+ Kf7 56. Re5 Rb3 57. e4 Rb6
58. Rf5+ Rf6 59. Rc5 Rb1 60. e5 Re6 61. Kf5 Rbb6 62. g4 Re7 63. Bg5 Reb7 64.
Bf6 Rb1 65. e6+ Kg8 66. Kg6 Rb8 67. Rh5 1-0

[Event "Roskilde 100 aars Jubilaeum 2008"]
[Site "Roskilde"]
[Date "2008.10.14"]
[Round "5"]
[White "Hansen, Lars Henrik Bech"]
[Black "Christensen, Casper"]
[Result "0-1"]
[WhiteElo "1988"]
[BlackElo "1678"]
[PlyCount "54"]
[EventDate "2008.??.??"]


1. e4 d6 2. d4 g6 3. Nc3 Bg7 4. Be3 Nf6 5. Qd2 Ng4 6. Bf4 O-O 7. f3 e5 8. Bg5
f6 9. Bc4+ Kh8 10. Bh4 Bh6 11. Qe2 Ne3 12. Nd5 Nxd5 13. Bxd5 exd4 14. Bf2 c5
15. Qb5 a6 16. Qd3 Nc6 17. Bxc6 bxc6 18. Ne2 Qa5+ 19. c3 Rb8 20. b3 Rxb3 21.
O-O Ra3 22. Be1 Be3+ 23. Kh1 Qa4 24. Qd1 Qxd1 25. Rxd1 Rxa2 26. Ng3 Be6 27.
cxd4 cxd4 0-1

[Event "Roskilde 100 aars Jubilaeum 2008"]
[Site "Roskilde"]
[Date "2008.10.14"]
[Round "5"]
[White "Christensen, Christoffer Ellegaa"]
[Black "Hein, Jacob"]
[Result "1-0"]
[WhiteElo "1759"]
[BlackElo "1456"]
[PlyCount "47"]
[EventDate "2008.??.??"]


1. d4 Nf6 2. Nf3 b6 3. Bf4 Nc6 4. e3 Nh5 5. Bg5 h6 6. Bh4 a5 7. Ne5 Nf6 8. Qf3
Bb7 9. Bb5 Nxe5 10. Qxb7 Qc8 11. Qxc8+ Rxc8 12. dxe5 Ng4 13. Bg3 c6 14. Be2 f5
15. h3 h5 16. hxg4 h4 17. Rxh4 Rxh4 18. Bxh4 fxg4 19. Bxg4 Kd8 20. Nc3 Kc7 21.
O-O-O e6 22. Ne4 Bc5 23. Nxc5 bxc5 24. Be2 1-0

[Event "Roskilde 100 aars Jubilaeum 2008"]
[Site "Roskilde"]
[Date "2008.10.14"]
[Round "5"]
[White "Jorgensen, Morten"]
[Black "Larsen, Arne Walther"]
[Result "0-1"]
[WhiteElo "1491"]
[BlackElo "1703"]
[PlyCount "56"]
[EventDate "2008.??.??"]


1. d4 Nf6 2. c4 c5 3. Nf3 g6 4. Nc3 Bg7 5. Bf4 cxd4 6. Nxd4 Nc6 7. Nxc6 bxc6 8.
Qc2 d6 9. g3 Be6 10. b3 Bf5 11. Qc1 e5 12. Bh6 O-O 13. Bg2 Rc8 14. e4 Be6 15.
Be3 d5 16. exd5 cxd5 17. Bg5 dxc4 18. Qe3 Qd4 19. Qxd4 exd4 20. Nb5 d3 21. Bxf6
Bxf6 22. Kd2 c3+ 23. Kxd3 Bf5+ 24. Ke2 Rfe8+ 25. Kd1 c2+ 26. Kd2 Bxa1 27. Rxa1
Red8+ 28. Ke1 c1=Q+ 0-1

[Event "Roskilde 100 aars Jubilaeum 2008"]
[Site "Roskilde"]
[Date "2008.10.14"]
[Round "5"]
[White "Sorensen, Lindved"]
[Black "Zachariassen, John"]
[Result "0-1"]
[WhiteElo "1592"]
[BlackElo "1895"]
[PlyCount "66"]
[EventDate "2008.??.??"]


1. Nf3 g6 2. b3 Bg7 3. Nc3 Nf6 4. Bb2 O-O 5. g3 c5 6. e3 Nc6 7. Bg2 e5 8. d3 d5
9. Ba3 Qa5 10. Bb2 d4 11. Qd2 dxc3 12. Bxc3 Qc7 13. O-O Be6 14. Ng5 Bd7 15. f4
h6 16. Bxc6 Qxc6 17. fxe5 Ng4 18. Nf3 Qd5 19. d4 Bc6 20. Rae1 Rad8 21. e4 Qd7
22. h3 cxd4 23. Bb4 Nxe5 24. Bxf8 Nxf3+ 25. Rxf3 Rxf8 26. Kg2 f5 27. Kh2 fxe4
28. Rf4 e3 29. Rxf8+ Bxf8 30. Qd3 Qd5 31. Qc4 Qxc4 32. bxc4 Bb4 33. c3 Bxc3 0-1

[Event "Roskilde 100 aars Jubilaeum 2008"]
[Site "Roskilde"]
[Date "2008.10.14"]
[Round "5"]
[White "Kristensen, Steffen Michael"]
[Black "Zmylon, Frederik Nielsen"]
[Result "1/2-1/2"]
[WhiteElo "1195"]
[BlackElo "1367"]
[PlyCount "81"]
[EventDate "2008.??.??"]


1. b3 e5 2. Bb2 Nc6 3. e4 Bc5 4. Bc4 Nf6 5. d3 O-O 6. Nf3 d6 7. h3 a6 8. a4 Re8
9. O-O Na5 10. Nbd2 Nxc4 11. Nxc4 Be6 12. Ncd2 Qd7 13. Ng5 h6 14. Nxe6 Rxe6 15.
Qf3 Nh7 16. Qf5 Rd8 17. Nf3 Rg6 18. Qxd7 Rxd7 19. Nh4 Rg5 20. g4 h5 21. Bc1
hxg4 22. Bxg5 Nxg5 23. hxg4 Nh3+ 24. Kg2 Nf4+ 25. Kg1 Nh3+ 26. Kg2 Nf4+ 27. Kf3
Re7 28. Rh1 Ne6 29. Nf5 Ng5+ 30. Kg3 Re6 31. Rh2 g6 32. Ne3 Rf6 33. Rah1 Kg7
34. c3 Bxe3 35. fxe3 Rf3+ 36. Kg2 Rxe3 37. Rd1 Re2+ 38. Kg3 Re3+ 39. Kg2 Re2+
40. Kg3 Re3+ 41. Kg2 1/2-1/2

[Event "Roskilde 100 aars Jubilaeum 2008"]
[Site "Roskilde"]
[Date "2008.10.14"]
[Round "5"]
[White "Nielsen, Kurt Sogaard"]
[Black "Wadtland, Flemming"]
[Result "1-0"]
[WhiteElo "1612"]
[BlackElo "1137"]
[PlyCount "67"]
[EventDate "2008.??.??"]


1. d4 Nf6 2. c4 Nc6 3. Nf3 d6 4. Nc3 g6 5. e4 Bg7 6. d5 Ne5 7. Nxe5 dxe5 8. Be2
O-O 9. O-O b6 10. b3 a6 11. Ba3 Nd7 12. Qc2 a5 13. Rad1 f5 14. exf5 Rxf5 15.
Bg4 Rf8 16. Be6+ Kh8 17. Ne4 Nf6 18. Ng5 Qe8 19. Bxc8 Rxc8 20. Ne6 Rf7 21. Rfe1
Nd7 22. Re3 Bf6 23. Rh3 Nf8 24. Nxf8 Rxf8 25. Qe4 Bg7 26. Qh4 h6 27. Qxe7 Qxe7
28. Bxe7 Rf4 29. Bg5 Rd4 30. Rxd4 exd4 31. Bxh6 Kg8 32. Bxg7 Kxg7 33. Rd3 Re8
34. Kf1 1-0

[Event "Roskilde 100 aars Jubilaeum 2008"]
[Site "Roskilde"]
[Date "2008.10.14"]
[Round "5"]
[White "Andersen, Daniel"]
[Black "Bromann, Thorbjrn"]
[Result "0-1"]
[WhiteElo "1806"]
[BlackElo "2416"]
[PlyCount "52"]
[EventDate "2008.??.??"]


1. c4 e5 2. Nc3 Nc6 3. Nf3 d6 4. d4 exd4 5. Nxd4 Nge7 6. Nxc6 Nxc6 7. e4 g6 8.
Be3 Bg7 9. Qd2 O-O 10. O-O-O f5 11. Bh6 Bxh6 12. Qxh6 fxe4 13. Nxe4 Qe7 14. f3
Bf5 15. Ng3 Ne5 16. Nxf5 Rxf5 17. Bd3 Nxd3+ 18. Rxd3 Re8 19. Rhd1 Rc5 20. Rc3
Qf7 21. Qh4 b5 22. b3 Rh5 23. Qg3 Qf6 24. Kc2 Re2+ 25. Rd2 Rxd2+ 26. Kxd2 Qd4+
0-1

[Event "Roskilde 100 aars Jubilaeum 2008"]
[Site "Roskilde"]
[Date "2008.10.14"]
[Round "5"]
[White "Jorgensen, Brian Jorgen"]
[Black "Jensen, Soren2"]
[Result "1-0"]
[WhiteElo "2210"]
[BlackElo "1603"]
[PlyCount "59"]
[EventDate "2008.??.??"]


1. e4 c6 2. d4 d5 3. e5 Bf5 4. Be3 e6 5. Nd2 Ne7 6. f4 Qa5 7. c3 Nd7 8. Ngf3
Bg4 9. h3 Nf5 10. Bf2 Bxf3 11. Qxf3 g6 12. g4 Ng7 13. Bd3 O-O-O 14. Bh4 Re8 15.
Bf6 Rg8 16. Qf2 Be7 17. Bxe7 Rxe7 18. a4 Qd8 19. b4 b6 20. c4 f6 21. O-O fxe5
22. fxe5 Rf8 23. Qe3 Ref7 24. Rxf7 Rxf7 25. cxd5 cxd5 26. Ba6+ Kb8 27. Rc1 h5
28. Qg5 Rf8 29. Rc8+ Qxc8 30. Bxc8 1-0

[Event "Roskilde 100 aars Jubilaeum 2008"]
[Site "Roskilde"]
[Date "2008.10.14"]
[Round "5"]
[White "Jorgensen, Orla Eilegaard"]
[Black "Larsen, Finn (1950)"]
[Result "1/2-1/2"]
[WhiteElo "1327"]
[BlackElo "1757"]
[PlyCount "86"]
[EventDate "2008.??.??"]


1. c4 c5 2. Nf3 Nc6 3. g3 Nf6 4. Bg2 e6 5. Nc3 d5 6. cxd5 exd5 7. d4 h6 8. O-O
Be7 9. Re1 O-O 10. a3 Be6 11. dxc5 Bxc5 12. b4 Bd6 13. e3 Rc8 14. Bb2 a6 15.
Rc1 Ne5 16. Nxe5 Bxe5 17. Qd2 b5 18. Ne2 Bxb2 19. Qxb2 Qd6 20. Nd4 Nd7 21. Rxc8
Rxc8 22. Rc1 Nb6 23. Rxc8+ Bxc8 24. Qc3 Nc4 25. Ne2 g5 26. Nd4 Bg4 27. Bf3 Bd7
28. Bg2 Bg4 29. Bf3 Qd7 30. Bg2 Qd6 31. Bf3 Bd7 32. Bg2 Qe5 33. Qd3 Nb6 34. Qc2
Nc4 35. Qd3 Kg7 36. h3 f5 37. Nc2 Nb6 38. Nd4 Kf6 39. Qc2 Nc4 40. Qd3 Qd6 41.
Qc3 Qe5 42. Qd3 Nd6 43. Qe2 Kg7 1/2-1/2

[Event "Roskilde 100 aars Jubilaeum 2008"]
[Site "Roskilde"]
[Date "2008.10.14"]
[Round "5"]
[White "Petrovski, Petruli"]
[Black "Sorensen, Dick"]
[Result "1-0"]
[WhiteElo "1645"]
[BlackElo "1851"]
[PlyCount "46"]
[EventDate "2008.??.??"]


1. e4 c5 2. Nf3 e6 3. d4 cxd4 4. Nxd4 a6 5. Bd3 Qc7 6. Be3 Nf6 7. O-O Nc6 8.
Nxc6 bxc6 9. f4 d5 10. c4 Rb8 11. b3 c5 12. Nd2 Bb7 13. Qe2 Be7 14. Rae1 Rd8
15. Bf2 Qc6 16. Bg3 h5 17. Nf3 Nd7 18. Bh4 Bxh4 19. Nxh4 Rh6 20. Nf5 exf5 21.
exf5+ Ne5 22. fxe5 a5 23. e6 f6 1-0

[Event "Roskilde 100 aars Jubilaeum 2008"]
[Site "Roskilde"]
[Date "2008.10.14"]
[Round "5"]
[White "Madsen, Poul Henrik"]
[Black "Rasmussen, Henning"]
[Result "1-0"]
[WhiteElo "2039"]
[BlackElo "1918"]
[PlyCount "81"]
[EventDate "2008.??.??"]


1. e4 c5 2. Nf3 Nc6 3. d3 g6 4. Be3 Bg7 5. c3 b6 6. Na3 Nf6 7. h3 O-O 8. g4 Bb7
9. Nc2 d5 10. e5 Nd7 11. d4 e6 12. g5 Ne7 13. Rg1 Nf5 14. Bd3 Re8 15. Nh2 c4
16. Be2 Kf8 17. Ng4 Ke7 18. b3 b5 19. Nf6 Rh8 20. Bg4 Nxe3 21. Nxe3 Qc7 22. f4
h5 23. Bf3 Nb6 24. a4 cxb3 25. Qxb3 bxa4 26. Qb4+ Kd8 27. Kd2 Bf8 28. Qa5 Bc6
29. Rgb1 Be7 30. Be2 Bxf6 31. gxf6 Kd7 32. Rb4 Rhb8 33. Qc5 Nc8 34. Qf8 Rxb4
35. cxb4 Qb6 36. Qxf7+ Kd8 37. Nc2 Be8 38. Qf8 Qc7 39. Bb5 Qf7 40. Qxf7 Bxf7
41. Rxa4 1-0